| 000 | 00815nam a2200217 a 4500 | ||
|---|---|---|---|
| 003 | 0 | ||
| 005 | 20250403085354.0 | ||
| 008 | 050809s19uu xx 00 eng d | ||
| 050 |
_aPGS HQ 801.P47 _b.P125 2005 |
||
| 100 | _aPadua, Kiara Marie H. | ||
| 245 |
_aThe effects of having boy-girl relationships among grade six students of SISC / _cKiara Marie H. Padua. |
||
| 260 |
_aLas PiƱas City, Philippines : _bSouthville International School and Colleges, _c2005. |
||
| 300 |
_a24 pages : _billustrations ; _c 28 cm. |
||
| 504 | _aIncludes bibliographical references. | ||
| 650 | _aAdolescent dating. | ||
| 650 |
_aAdolescents _vSexual behavior. |
||
| 650 |
_aAdolescents _vSocial conditions. |
||
| 650 |
_aSchool children _vPsychology. |
||
| 650 | _aPeer relationships in adolescence. | ||
| 942 |
_2lcc _cPASS |
||
| 999 |
_c97405 _d97405 |
||